003810000a22001330004500060000800000082001900008100002900027245004100056250000600097260006100103260000900164300000800173650006600181 a100 a633.009 54 AIY aYegna Narayan Aiyer, A K aPrinciple of crop husbandry in India a2 aBanglore, Banglore Printing & Publishing Company Limited c1953 a550 aCrop husbandry -India/ Soils -India/ Rotation of Crops- India